[Event "Rodatychi op"]
[Site "Rodatychi"]
[Date "2006.08.31"]
[Round "8"]
[White "Shkuro, Iuri"]
[Black "Tugaj, Sergey"]
[Result "1/2-1/2"]
[WhiteElo "2499"]
[BlackElo "2239"]
[PlyCount "64"]
[EventDate "2006.08.27"]
[EventType "swiss"]
[EventRounds "9"]
[EventCountry "UKR"]
[SourceTitle "EXT 2008"]
[Source "ChessBase"]
[SourceDate "2007.11.25"]
[SourceVersion "1"]
[SourceVersionDate "2007.11.25"]
[SourceQuality "1"]

1. e4 e5 2. Nf3 Nc6 3. Nc3 Nf6 4. d4 exd4 5. Nxd4 Bb4 6. Nxc6 bxc6 7. Bd3 0-0 8. 0-0 d5 9. exd5 Bxc3 10. bxc3 cxd5 11. Bg5 Qd6 12. Bxf6 Qxf6 13. Qh5 g6 14. Qxd5 Ba6 15. Qa5 Bxd3 16. cxd3 Qb6 17. Qa4 Rfd8 18. Qc4 Rab8 19. d4 Rd6 20. Rfe1 Rc6 21. Qd3 Qa5 22. Re3 Rb2 23. h4 Rxa2 24. Rxa2 Qxa2 25. d5 Rf6 26. Re8+ Kg7 27. Qd4 a5 28. Qc5 Rd6 29. Qd4+ Rf6 30. Qc5 Rd6 31. Qd4+ Rf6 32. Qc5 Rd6 1/2-1/2

[Event "Rodatychi op"]
[Site "Rodatychi"]
[Date "2006.08.31"]
[Round "7"]
[White "Tugaj, Sergey"]
[Black "Buturin, Vladimir"]
[Result "1-0"]
[WhiteElo "2239"]
[BlackElo "2343"]
[PlyCount "77"]
[EventDate "2006.08.27"]
[EventType "swiss"]
[EventRounds "9"]
[EventCountry "UKR"]
[SourceTitle "EXT 2008"]
[Source "ChessBase"]
[SourceDate "2007.11.25"]
[SourceVersion "1"]
[SourceVersionDate "2007.11.25"]
[SourceQuality "1"]

1. e4 c5 2. Nf3 e6 3. d4 cxd4 4. Nxd4 a6 5. Be2 Nf6 6. Nc3 Qc7 7. 0-0 Bb4 8. Qd3 Nc6 9. Nxc6 bxc6 10. Bg5 d5 11. f4 Bb7 12. Kh1 0-0-0 13. Bxf6 gxf6 14. exd5 cxd5 15. Qd4 Qc5 16. Qxf6 d4 17. a3 Ba5 18. Qxf7 dxc3 19. b4 Qc7 20. Qxe6+ Kb8 21. bxa5 Rhe8 22. Qc4 Qxc4 23. Bxc4 Rd2 24. Rab1 Kc7 25. Rxb7+ Kxb7 26. Bd3 Rxd3 27. cxd3 Kc6 28. g4 Kd5 29. Kg2 Kd4 30. f5 c2 31. h4 Rg8 32. Kf3 Kxd3 33. g5 Kd2 34. Kg4 c1Q 35. Rxc1 Kxc1 36. f6 Kd2 37. h5 Ke3 38. Kf5 Rc8 39. g6 1-0

[Event "Voronezh FIDE op"]
[Site "Voronezh"]
[Date "2003.06.21"]
[Round "9"]
[White "Manukovsky, Vladimir"]
[Black "Tugaj, Sergey"]
[Result "1-0"]
[WhiteElo "2294"]
[BlackElo "2246"]
[PlyCount "41"]
[EventDate "2003.06.12"]
[EventType "swiss"]
[EventRounds "9"]
[EventCountry "RUS"]
[SourceTitle "CBM 094 Extra"]
[Source "ChessBase"]
[SourceDate "2003.07.09"]
[SourceVersion "2"]
[SourceVersionDate "2003.07.09"]
[SourceQuality "1"]

1. e4 c5 2. Nc3 Nc6 3. f4 d6 4. Nf3 g6 5. Bc4 Bg7 6. 0-0 Nf6 7. d3 0-0 8. a3 e6 9. Ba2 a6 10. Qe1 b5 11. Qh4 Nd7 12. Qh3 Nd4 13. Nxd4 cxd4 14. Ne2 Qc7 15. c3 dxc3 16. bxc3 Bxc3 17. Nxc3 Qxc3 18. Rb1 Nc5 19. Bb2 Qxd3 20. Rf3 Qxe4 21. Qxh7+ 1-0

[Event "Voronezh FIDE op"]
[Site "Voronezh"]
[Date "2003.06.19"]
[Round "7"]
[White "Provkin, Vladimir"]
[Black "Tugaj, Sergey"]
[Result "1-0"]
[WhiteElo "2268"]
[BlackElo "2246"]
[PlyCount "67"]
[EventDate "2003.06.12"]
[EventType "swiss"]
[EventRounds "9"]
[EventCountry "RUS"]
[SourceTitle "CBM 094 Extra"]
[Source "ChessBase"]
[SourceDate "2003.07.09"]
[SourceVersion "2"]
[SourceVersionDate "2003.07.09"]
[SourceQuality "1"]

1. d4 d5 2. Nf3 e6 3. c4 c5 4. cxd5 exd5 5. Nc3 Nc6 6. g3 Nf6 7. Bg2 Be7 8. 0-0 0-0 9. Bg5 cxd4 10. Nxd4 h6 11. Be3 Re8 12. Qa4 Na5 13. Rfd1 Nc4 14. Bc1 Bd7 15. Qb3 Na5 16. Qc2 Rc8 17. Qd3 Bg4 18. Nf5 Bc5 19. h3 d4 20. Nxd4 Bxd4 21. Qxd4 Qxd4 22. Rxd4 Bxe2 23. Be3 Bc4 24. b4 Ba6 25. b5 Rxc3 26. bxa6 bxa6 27. Ra4 Nc4 28. Bxa7 Re6 29. Bf1 Nd2 30. Bxa6 Nfe4 31. Kg2 Nc5 32. Bxc5 Rxc5 33. Bd3 Rc3 34. Ra8+ 1-0

[Event "Voronezh FIDE op"]
[Site "Voronezh"]
[Date "2003.06.17"]
[Round "5"]
[White "Gichurkin, Sergei"]
[Black "Tugaj, Sergey"]
[Result "1-0"]
[WhiteElo "2245"]
[BlackElo "2246"]
[PlyCount "81"]
[EventDate "2003.06.12"]
[EventType "swiss"]
[EventRounds "9"]
[EventCountry "RUS"]
[SourceTitle "CBM 094 Extra"]
[Source "ChessBase"]
[SourceDate "2003.07.09"]
[SourceVersion "2"]
[SourceVersionDate "2003.07.09"]
[SourceQuality "1"]

1. d4 d5 2. c4 e6 3. Nf3 c5 4. g3 Nc6 5. cxd5 exd5 6. Bg2 Nf6 7. 0-0 Be7 8. Nc3 0-0 9. Bg5 cxd4 10. Nxd4 h6 11. Be3 Re8 12. h3 Be6 13. Nxe6 fxe6 14. Qc2 Bb4 15. Rad1 Qe7 16. a3 Bxc3 17. Qxc3 Rac8 18. Rfe1 Kh8 19. b4 e5 20. Qb3 d4 21. Bc1 b5 22. Bb2 a5 23. e3 axb4 24. exd4 bxa3 25. Ba1 Qb4 26. Qxb4 Nxb4 27. dxe5 Nc2 28. Rf1 Nxa1 29. Rxa1 Rxe5 30. Rxa3 b4 31. Rb3 Rb8 32. Rfb1 Reb5 33. Rd1 Kg8 34. Rd4 Kf7 35. f4 g5 36. Kf2 R8b6 37. Bf1 Ra5 38. Rdxb4 Rxb4 39. Rxb4 Ra2+ 40. Kg1 gxf4 41. Bc4+ 1-0

[Event "Voronezh FIDE op"]
[Site "Voronezh"]
[Date "2003.06.16"]
[Round "4"]
[White "Tugaj, Sergey"]
[Black "Gritsenko, Vladimir"]
[Result "1-0"]
[WhiteElo "2246"]
[BlackElo "2259"]
[PlyCount "76"]
[EventDate "2003.06.12"]
[EventType "swiss"]
[EventRounds "9"]
[EventCountry "RUS"]
[SourceTitle "CBM 094 Extra"]
[Source "ChessBase"]
[SourceDate "2003.07.09"]
[SourceVersion "2"]
[SourceVersionDate "2003.07.09"]
[SourceQuality "1"]

1. e4 c5 2. Nf3 e6 3. d4 cxd4 4. Nxd4 a6 5. Be2 Nf6 6. Nc3 d6 7. 0-0 Be7 8. f4 Qc7 9. Kh1 0-0 10. Be3 b5 11. a3 Bb7 12. Bf3 Nc6 13. Qe1 Nxd4 14. Bxd4 e5 15. Be3 exf4 16. Bxf4 Nd7 17. a4 bxa4 18. Rxa4 Bf6 19. Qd2 Ne5 20. Be2 Rfd8 21. Be3 Nd7 22. Rc4 Qb8 23. Rd1 Be5 24. Na4 Rc8 25. Rxc8+ Qxc8 26. Bg4 Qd8 27. Bxd7 Qh4 28. Bg1 Bxe4 29. Nc3 Bb7 30. Nd5 Rd8 31. Bh3 Re8 32. b3 h5 33. c4 g6 34. Qf2 Qd8 35. Qb6 Qb8 36. Bd7 Rf8 37. b4 Bxd5 38. Rxd5 Qa8 1-0

[Event "Kharkov Caissa op"]
[Site "Kharkov"]
[Date "2000.01.27"]
[Round "1"]
[White "Tugaj, Sergey"]
[Black "Yeremenko, Andrei V"]
[Result "1-0"]
[WhiteElo "2290"]
[BlackElo "2414"]
[PlyCount "51"]
[EventDate "2000.01.27"]
[EventType "swiss"]
[EventRounds "9"]
[EventCountry "UKR"]
[SourceTitle "EXT 2001"]
[Source "ChessBase"]
[SourceDate "2000.11.22"]
[SourceVersion "1"]
[SourceVersionDate "2000.11.22"]
[SourceQuality "1"]

1. e4 c6 2. d4 d5 3. exd5 cxd5 4. c4 Nf6 5. Nc3 g6 6. Qb3 Bg7 7. cxd5 0-0 8. Be2 e6 9. dxe6 Bxe6 10. Qxb7 Nbd7 11. Nf3 Nb6 12. 0-0 Qd6 13. Nb5 Qb4 14. Nxa7 Nfd7 15. Bd2 Qa4 16. Nc6 Rfe8 17. Nb4 Bf5 18. Bd1 Qa5 19. Nc6 Qb5 20. Nb4 Rec8 21. a4 Qa5 22. Nc6 Qa6 23. Ne7+ Kf8 24. Qxa6 Rxa6 25. Nxc8 Nxc8 26. b4 1-0